000 00682nam a2200241Ia 4500
003 OSt
005 20220918213932.0
006 a|||||r|||| 00| 0
007 ta
008 220917b |||||||| |||| 00| 0 eng d
024 _a135,088
037 _cTextual
040 _aARTS
_cARTS
_beng
041 _2eng
_aeng
082 _aX:89ZB, M0
100 _aMcnutly Nancy C ed
_9129146
245 0 _aManagement development programs
_b the world's best edited by Nancy C Mcnulty
260 _aAmsterdam
_bNorth-Holland
_c1980
300 _axii,368p.
_ccm.
650 _aECONOMICS
942 _hX:89ZB, M0
_cTEXL
_2CC
999 _c258188
_d258188